تعاقب الألفاظ وتصاقب المعاني في ما كني به عن النكاح / (رقم التسجيلة. 126350)

تفاصيل مارك
000 -الفاتح
عناصر البيانات ثابتة الطول 00780cam a2200217 i 4500
005 - تاريخ ووقت آخر معاملة
حقل ضبط 20260223102733.0
008 - عناصر البيانات ثابتة الطول
عناصر البيانات ثابتة الطول 250721s2012 qa gr 000 0 ara d
020 ## - الترقيم الدولي المعياري للكتب (ردمك)
الترقيم الدولي المعياري للكتب (ردمك) 9789957095123
082 14 - رقم تصنيف ديوي العشري
رقم التصنيف 414.1
رقم المادة ش ن ا
100 1# - مدخل رئيسي – اسم شخصي
الاسم الشخصي الشناوي، خالد نعيم
علاقة الشخص بالعمل/ دوره مؤلف.
245 10 - بيان العنوان
العنوان تعاقب الألفاظ وتصاقب المعاني في ما كني به عن النكاح /
بيان المسؤولية د. خالد نعيم الشناوي.
264 1# - بيانات النشر، التوزيع…إلخ
مكان النشر، التوزيع...إلخ الدوحة :
اسم الناشر، الموزع...إلخ دار أزمنة للنشر والتوزيع،
تاريخ النشر، التوزيع...إلخ 2012.
300 ## - الوصف المادي
عدد الوحدات المكونة للوعاء 96صفحة.
650 17 - مدخل إضافي بالموضوع - مصطلح موضوعي
مصطلح موضوعي أو اسم جغرافي كعنصر مدخل اللغة العربية.
650 17 - مدخل إضافي بالموضوع - مصطلح موضوعي
مصطلح موضوعي أو اسم جغرافي كعنصر مدخل المصطلحات.
650 17 - مدخل إضافي بالموضوع - مصطلح موضوعي
مصطلح موضوعي أو اسم جغرافي كعنصر مدخل الزواج.
650 17 - مدخل إضافي بالموضوع - مصطلح موضوعي
مصطلح موضوعي أو اسم جغرافي كعنصر مدخل علم المعاني.
653 ## - رأس موضوع – غير مقيد
المصطلح / رأس الموضوع غير المقيد النكاح
942 ## - بيانات إضافية (كوها)
نوع التنصيف Dewey Decimal Classification
نوع المادة (كوها) كتب
المقتنيات
حالة السحب حالة الفقدان مصدر التصنيف حالة التلف غير قابل للإعارة المكتبة الرئيسية المكتبة الحالية موقع الرف تاريخ التزويد الرقم المتسلسل Total Checkouts رقم الإستدعاء الباركود تاريخ آخر ظهور تاريخ الفاتورة نوع المادة (كوها)
    Dewey Decimal Classification     المكتبة المركزية المكتبة المركزية الإعارة 28/07/2025 1542205   414.1/ ش ن ا PLD00262655 28/07/2025 28/07/2025 كتب
    Dewey Decimal Classification     مكتبة النصر العامة مكتبة النصر العامة الإعارة 21/01/2013 1542207   414.1/شنا PLD00262777 28/07/2025 21/01/2013 كتب
    Dewey Decimal Classification     مكتبة حمزة العامة مكتبة حمزة العامة الإعارة 21/01/2013 1542209   414.1/شنا PLD00262779 28/07/2025 21/01/2013 كتب
Implemented & Customized by: BBB with SCIT (Smart Chains for Information Technology)

Powered by Koha